000 00369nam a2200157Ia 4500
008 230917s9999||||xx |||||||||||||| ||und||
040 _e42975
_aMAIN
041 _aEnglish
082 _a589.35 R761E
100 _aRound, F E
245 4 _aThe Biology of the Algae
250 _a2nd ed.
260 _aBaskevilla
_bPitman
_c1981
300 _avii. 278 p.
942 _cBK
999 _c43258
_d43258